00703nam a22001937a 450000500170000001000150001702000260003203500140005803700130007208200100008510000340009524500580012926000580018727000600024530000410030594200240034699900190037095201200038920170822150834.0 aENG-119973 c150.00a9789381281390 aEN-103505 bDBAD/PUB a808.6 aRajagopalachari, Parthsarathi aThe spider's web /cby Parthasarathi Rajagopalachari  aChennaibSpiritual Hierarchy Publication Trust c2013 aNorth Block, 2/3, Judges Court Road, bKolkata e700027 aVolumeI. ix, 385p. :c22cm (Hb)bcol 2ddccENh808.6mRAJ c143656d143656 001040708NFICaCJbCJd2017-08-22eDBAD/PUBg150.00l0o808.6 RAJpEN-103505r2017-08-22 00:00:00t1v150.00yEN